000 00319 a2200157 4500
001 188736
020 _a0-19-423214-X
040 _cMagnum
100 _aGould-Hardy, Janet
240 1 0 _aKing Arthur
_lING
245 1 0 _aKing Arthur
300 _a30
362 0 _a2002
697 _aLITERATURA INGLESA
942 _cBK
999 _c188736
_d188736